Guglielmetti Anna Mária hangversenye

Elmentve itt :
Bibliográfiai részletek
Szerző: Vér György
Dokumentumtípus: Cikk
Megjelent: 1933-02-14
Sorozat:Délmagyarország 9 No. 36
Kulcsszavak:Guglielmetti Anna-Maria, Zenei élet hangverseny Szeged 1915, Szeged, zeneélet
Online Access:http://dmarchiv.bibl.u-szeged.hu/75985
LEADER 00516nab a2200157 i 4500
001 delm75985
005 20180928084402.0
008 180928s1933 hu o 0|| hun d
040 |a SZTE Délmagyarország Archívum  |b hun 
041 |a hun 
100 1 |a Vér György 
245 1 0 |a Guglielmetti Anna Mária hangversenye  |h [elektronikus dokumentum] /  |c  Vér György 
260 |c 1933-02-14 
300 |a 7 
490 0 |a Délmagyarország  |v 9 No. 36 
695 |a Guglielmetti Anna-Maria, Zenei élet hangverseny Szeged 1915, Szeged, zeneélet